Top 10 Most Streamed - XXXTentacion - Statistics

General Stats
  • This quiz has been taken 22 times
  • The average score is 7 of 10
Answer Stats
Amount Of Streams Album Song % Correct
2,499,553,429 ? SAD!
100%
2,323,979,009 ? Moonlight
75%
2,103,431,778 17 F Love
70%
2,469,761,536 17 Jocelyn Flores
70%
1,878,678,037 ? Hope
65%
1,892,627,202 17 Revenge
65%
1,666,803,602 [Come Over When You're Sober, Pt 2.] Falling Down
60%
1,688,477,218 Revenge Look At Me!
60%
1,506,466,447 ? changes
50%
1,897,882,532 17 Everybody Dies In Their Nightmares
50%
No matching quizzes found
Score Distribution
Percent of People with Each Score
Percentile by Number Answered
Your Score History
You have not taken this quiz